Introducão ao estudo da Economia portuguesa (Record no. 45502)

MARC details
000 -Etiqueta do registo
Valores 00643cam a2200193 4500
100 ## - Dados gerais de processamento
Dados gerais 19930515d1947 km y0pory50030103ba
101 0# - Língua de publicação
Língua por
102 ## - País de publicação
País PT
200 1# - Titulo e menção de responsabilidade
Título próprio Introducão ao estudo da Economia portuguesa
Informação de outro título fins do séc. XVIII a principios do séc. XX
Primeira menção de responsabilidade Armando Castro
210 #9 - Publicação
Local de publicação Lisboa
Nome do editor Edições Cosmo
Data de publicação 1947
215 ## - Descrição física 
Paginação / Volumes 269, [3] p.
Dimensões 20 cm
225 2# - Colecção 
Título próprio da colecção Biblioteca Cosmos
Número de parte ou secção 4.ª secção
Nome de parte ou secção Povos e civilizacões. História de Portugal
Indicação de volume 130-131
317 ## - Nota de proveniência
Texto da nota Biblioteca João Evangelista Campos Lima
675 ## - CDU
Notação 33(469)
700 #1 - Autor principal
Apelido Castro,
Nome Armando,
Datas 1918-1999
801 #0 - Fonte de origem
País PT
Agência BN
Regras de catalogação RPC
990 ## - Elementos KOHA
Tipo de documento Livro
Holdings
Aquisição Empréstimo Código de barras Cota Permissão de empréstimo Tipo de documento Nota relativa ao exemplar
Biblioteca Municipal de Redondo Biblioteca Municipal de Redondo 056208 33(469) CAS Consulta presencial Livro oferta de Vergílio Ambrósio

Powered by Koha